000 00596nam a2200217 a 4500
003 AR-BaBNM
005 20251128203418.0
008 082120s2002 ||||||||||||||000 | spa||
040 _cAR-BaBNM
100 1 _aAlemany Bolufer, José
245 0 0 _aDiccionario enciclopédico
_n1
260 _aBarcelona
_bSopena
_c1949
300 _a1376 p.
_bil., mapas
500 _aEl volumen 1 abarca A-GUTIERREZ
500 _aCarece de portada, los datos de edición se extraen de nota en tapa
650 4 _aDICCIONARIOS
650 4 _aESPAÑOL
655 _aREFERENCIA
942 _cBK
998 _claura
999 _c3271
_d3271